| 000 | 01718nam a22003017a 4500 | ||
|---|---|---|---|
| 999 |
_c20426 _d20426 |
||
| 003 | AR-CdUCM | ||
| 008 | 190530b ||||| |||| 00| 0 spa d | ||
| 040 |
_aMUNICIPALIDAD PROVINCIAL DEL CUSCO _cBIBLIOTECA MUNICIPAL DEL CUSCO |
||
| 082 |
_a985.001 / _bV141 |
||
| 100 |
_aValcárcel, Luis E. _9628 |
||
| 245 | _aEstudios sobre la cultura actual del Perú / | ||
| 260 |
_aLima : _bUniversidad Nacional Mayor de San Marcos. Departamento de Publicaciones, _c1964. |
||
| 300 |
_a305 páginas ; _c21 cm. |
||
| 440 |
_aProblemática del Perú _n2 _942703 |
||
| 505 | _aContenido: Indigenismo en el Perú / por Luis E. Valcárcel -- Estratificación social en el Callejón de Huaylas / por William P. Mangin -- La formación de dos comunidades indígenas en un valle de la costa peruana / por Louis Faron -- La propiedad en la isla de Taquile / por José Matos -- Posesión de la tierra en la comunidad de Kauri Quispicanchis / por Bernard Minshkin -- Sicaya, una comunidad mestiza de la sierra central del Perú / por Gabriel Escobar -- Puquio una cultura en proceso de cambio / por José María Arguedas -- El hombre y la familia : su matrimonio y organización político social en Qero / por Oscar Núñez del Prado -- Clubes de provincianos en Lima / por William P. Mangin. | ||
| 650 |
_aCivilización _91048 |
||
| 650 |
_aIndígenas del Perú _95715 |
||
| 650 |
_aComunidades _97021 |
||
| 700 |
_aMangin, William _99799 |
||
| 700 |
_aFaron, Luis _942704 |
||
| 700 |
_aMatos, José _942705 |
||
| 700 |
_aMishkin, Bernard _942706 |
||
| 700 |
_aEscobar M., Gabriel _97985 |
||
| 700 |
_aArguedas, José María _9790 |
||
| 700 |
_aNuñez del Prado, Oscar _95531 |
||
| 942 |
_2ddc _cLIBROS |
||
| 945 |
_adavv _d2019-05-30 |
||